La Implementación del plan económico del gobierno
Guardat en:
| Format: | Text |
|---|---|
| Matèries: | |
| Etiquetes: |
Afegir etiqueta
Sense etiquetes, Sigues el primer a etiquetar aquest registre!
|
MARC
| LEADER | 00000 a a2200000 04500 | ||
|---|---|---|---|
| 001 | 5954 | ||
| 003 | |||
| 040 | |||
| 245 | |a La Implementación del plan económico del gobierno | ||
| 650 | |a GOBIERNO | ||
| 650 | |a POLITICA ECONOMICA | ||
| 650 | |a TIPO DE CAMBIO | ||
| 650 | |a IMPUESTO AL VALOR AGREGADO | ||
| 650 | |a ESTABILIZACION ECONOMICA | ||
| 650 | |a SISTEMA CAMBIARIO | ||
| 650 | |a CONDICIONES DE VIDA | ||
| 773 | |g volumen 15, número 660; páginas 9-10 | ||
| 999 | |c 34369 |d 34369 | ||
